Logo BPK

Biblioteka

Politechniki Koszalińskiej

Las : (Rekord nr 52246)

Szczegóły MARC
000 -ETYKIETA REKORDU
podpole kontrolne o stałej długości 00965nam a2200289 i 4500
001 - NUMER KONTROLNY REKORDU
pole kontrolne bg
020 ## - MIĘDZYNARODOWY ZNORMALIZOWANY NUMER KSIĄŻKI - ISBN
ISBN 8304048558
040 ## - ŹRÓDŁO KATALOGOWANIA
Instytucja, która utworzyła rekord BPK
041 0# - KOD JĘZYKA
Kod języka tekstu pol
080 ## - UNIWERSALNA KLASYFIKACJA DZIESIĘTNA - UKD
UKD 630(02.025.2)
920 ## - Międzynarodowy znormalizowany numer książki – ISBN
ISBN 83-04-04855-8
008 - POLE O STAŁEJ DŁUGOŚCI - DANE KONTROLNE
podpole kontrolne o stałej długości s pl f |000 0 pol
100 1# - NAZWA OSOBOWA
Nazwa osobowa ABBADIE, Luc
245 10 - TYTUŁ/ODPOWIEDZIALNOŚĆ
Tytuł Las :
Ciąg dalszy tytułu środowisko żywe /
Pozostałe elementy strefy tytułu i oznaczenia odpowiedzialności Luc Abbadie, Michel Baudouin ; tł. Jarosław Proćkow.
246 ## - WARIANT TYTUŁU
Treść wyrażenia wprowadzającego Tyt. oryg.:
Tytuł La forjut - milieu vivant. Ecoguides
260 ## - STREFA ADRESU WYDAWNICZEGO
Miejsce wydania Wrocław :
Nazwa wydawcy/dystrybutora Zakład Narodowy im. Ossolińskich,
Data publikacji, dystrybucji/powstania dokumentu 2006.
300 ## - STREFA OPISU FIZYCZNEGO
Objętość 288 s. :
Inne cechy fizyczne fot. kolor., rys. (w tym kolor.) ;
Rozmiary 25 cm.
490 1# - STREFA SERII I DOKUMENTU WIELOCZĘŚCIOWEGO - FORMA NIE DO WYSZUKIWANIA
Tytuł i oznaczenie odpowiedzialności serii Sekrety Natury
500 ## - UWAGI OGÓLNE
Tekst uwagi Oryg.: "La forjut - milieu vivant. Ecoguides".
504 ## - UWAGA DOTYCZĄCA BIBLIOGRAFII
Informacje o bibliografii Indeksy.
650 #9 - HASŁO PRZEDMIOTOWE W FORMIE NAZWY OGÓLNEJ LUB JEDNOSTKOWEJ
Nazwa ogólna lub geograficzna Las
700 1# - HASŁO DODATKOWE - NAZWA OSOBOWA
Nazwa osobowa BAUDOUIN, Michel
700 1# - HASŁO DODATKOWE - NAZWA OSOBOWA
Nazwa osobowa PROĆKOW, Jarosław
830 ## - HASŁO DODATKOWE SERII LUB DOKUMENTU WIELOCZĘŚCIOWEGO - TYTUŁ UJEDNOLICONY
Tytuł ujednolicony Sekrety Natury
856 ## - LOKALIZACJA I DOSTĘP DO ELEKTRONICZNYCH DOKUMENTÓW ZDALNYCH
Link (URL) http://koha.tu.koszalin.pl/cgi-bin/koha/opac-detail.pl?biblionumber=52246
Tekst linku Katalog online BPK
942 ## - DODATKOWE ELEMENTY (KOHA)
Typ dokumentu Książka
Egzemplarze
Wycofany Status egzemplarza Uszkodzony Dostępność Lokalizacja stała Lokalizacja bieżąca Miejsce przechowywania Sygnatura Kod kreskowy Dział Typ dokumentu
      Tylko na miejscu Biblioteka Politechniki Koszalińskiej Biblioteka Politechniki Koszalińskiej Czytelnia BG 80311 02336688 630 Leśnictwo Książka
      Tylko na miejscu Czytelnia Wydziału Elektroniki i Informatyki, Wydziału Architektury i Wzornictwa, Wydziału Inżynierii Mechanicznej i Energetyki oraz Wydziału Inżynierii Lądowej, Środowiska i Geodezji Czytelnia Wydziału Elektroniki i Informatyki, Wydziału Architektury i Wzornictwa, Wydziału Inżynierii Mechanicznej i Energetyki oraz Wydziału Inżynierii Lądowej, Środowiska i Geodezji Czytelnia Wydziałowa ul. Śniadeckich 2 80312 02336671 502 Nauka o środowisku. Ochrona środowiska Książka
© 2023 Biblioteka Politechniki Koszalińskiej :: KOHA